Personnages de Lakaka - Statistiques

Statistiques générales
  • Ce quiz a été pris 2 570 fois
    2 472 depuis la dernière actualisation
  • Le résultat moyen est 12 sur 26
Statistiques - réponses
Par images Réponse % Correct
L'ELECTRICIEN
92%
OUPI GOUPI
90%
LE LOBOTOMISATEUR
86%
LARRY LE MALICIEUX
84%
LE MASTERMIND
80%
LA CREATURE
77%
L'HOMME GENIAL
72%
LE SAVAIS TU
64%
LA CHOSE
58%
L'HOMME AU COUTEAU
53%
JOHN
49%
LE LOBOTOMISE
44%
JAMES
40%
LE FECONDEUR D'HOMMES
39%
MICKEY
37%
GOBEUL LE SQUELETTE
29%
FUNKY BURGER
27%
OUPINA
27%
LE CANAPE MALICIEUX
21%
MONEY CHAN
21%
LE CARTEL
17%
OUPI SENIOR
17%
GENIALUS MAXIMUS 4
13%
LA FEMME GENIALE
13%
EULA
8%
GOB GOB
8%
Aucun quiz correspondant
Distribution des résultats
% des personnes avec chaque résultat
Percentile par nombre de réponses
Votre historique - résultats
Vous n’avez pas pris ce quiz depuis la dernière actualisation